| 000 | 01027nam0a22002651 4500 | ||
|---|---|---|---|
| 001 | rc\3055661 | ||
| 005 | 20250806202439.0 | ||
| 035 | _a(NLR Aleph) 007194867 | ||
| 090 |
_a47421 _c47421 |
||
| 100 | _a20111011d1942 u y0rusy50 ca | ||
| 101 | 0 | _arus | |
| 102 | _aRU | ||
| 105 | _aa z ||||| | ||
| 200 | 1 |
_aЛыжная подготовка _eПрограмма коллектива физкультуры в школе _fВсесоюз ком. по делам физ. культуры и спорта при СНК СССР |
|
| 210 |
_aМосква _aЛенинград _cФизкультура и спорт _d1942 _eМосква |
||
| 215 |
_a40 с. _cграф. _d14 см |
||
| 710 | 0 | 1 |
_aСССР _bКомитет по делам физической культуры и спорта |
| 801 | 0 |
_aRU _bNLR _gpsbo |
|
| 801 | 1 |
_aRU _bELAR _2rusmarc |
|
| 852 |
_aNLR _jВ40 Г-2/357 |
||
| 942 | _cBOOK | ||
| 945 | _aРоссийская национальная библиотека | ||
| 980 | _aNB | ||
| 980 | _aBV | ||